| 000 | 00600nam a2200205 a 4500 | ||
|---|---|---|---|
| 005 | 20210223125601.0 | ||
| 008 | 050209s1997 mx r 000 0 spa d | ||
| 020 | _a8489427801 | ||
| 035 | _aUPN01000137370 | ||
| 049 | _aCE | ||
| 050 | 4 |
_aZ675 V7 _bLL3.2 |
|
| 100 | 1 | _aLlano, Xilberto | |
| 245 | 1 | 3 |
_aLa biblioteca en el medio rural : _breflexiones / _cXilberto Llano. |
| 260 |
_aEspaña : _bTrea, _c1997. |
||
| 300 | _a142 p. | ||
| 440 | 0 |
_aBiblioteconomía y administración cultural ; _v14 |
|
| 650 | 4 |
_aBIBLIOTECAS RURALES _93061 |
|
| 650 | 4 |
_aBIBLIOTECAS Y COMUNIDAD _93072 |
|
| 905 | _aLibro | ||
| 999 |
_c109521 _d109521 |
||